Logo BPK

Biblioteka

Politechniki Koszalińskiej

Kodeks handlowy z komentarzem : (Rekord nr 29876)

Szczegóły MARC
000 -ETYKIETA REKORDU
podpole kontrolne o stałej długości 00484nam a2200145 i 4500
001 - NUMER KONTROLNY REKORDU
pole kontrolne bg
040 ## - ŹRÓDŁO KATALOGOWANIA
Instytucja, która utworzyła rekord BPK
041 ## - KOD JĘZYKA
Kod języka tekstu pol
008 - POLE O STAŁEJ DŁUGOŚCI - DANE KONTROLNE
podpole kontrolne o stałej długości s pl f |000 0 pol
245 00 - TYTUŁ/ODPOWIEDZIALNOŚĆ
Tytuł Kodeks handlowy z komentarzem :
Ciąg dalszy tytułu orzecznictwo Sądu Najwyższego w zakresie prawa handlowego, wzory dokumentów.
Oznaczenie części/sekcji dzieła T. 2.
250 ## - STREFA WYDANIA
Oznaczenie wydania Wyd.8 popr. i uzup. Stan prawny na dzień 1.07.1993.
260 ## - STREFA ADRESU WYDAWNICZEGO
Miejsce wydania Bydgoszcz,
Data publikacji, dystrybucji/powstania dokumentu 1993.
650 #9 - HASŁO PRZEDMIOTOWE W FORMIE NAZWY OGÓLNEJ LUB JEDNOSTKOWEJ
Nazwa ogólna lub geograficzna Prawo handlowe
Określnik ogólny prawo
Określnik geograficzny Polska
Określnik chronologiczny stan na 1993 r.
856 ## - LOKALIZACJA I DOSTĘP DO ELEKTRONICZNYCH DOKUMENTÓW ZDALNYCH
Link (URL) http://koha.tu.koszalin.pl/cgi-bin/koha/opac-detail.pl?biblionumber=29876
Tekst linku Katalog online BPK
942 ## - DODATKOWE ELEMENTY (KOHA)
Typ dokumentu Książka
Egzemplarze
Wycofany Status egzemplarza Uszkodzony Dostępność Lokalizacja stała Lokalizacja bieżąca Miejsce przechowywania Sygnatura Kod kreskowy Typ dokumentu Numer ubytku
      Dostępny Biblioteka Politechniki Koszalińskiej Biblioteka Politechniki Koszalińskiej Wypożyczalnia BG 36286 01801699 Książka  
  Egz. niedostępny   Niedostępny Biblioteka Politechniki Koszalińskiej Biblioteka Politechniki Koszalińskiej   36294 01303124 Książka 12655
© 2023 Biblioteka Politechniki Koszalińskiej :: KOHA